000 02576nam0a2200361 4500
001 RU\NLR\BIBL_A\016337392
005 20230713124935.0
010 _a978-5-7272-1871-9
_9500
021 _aRU
_bКН-П-23-012509
_9КН-П-23-1232
035 _a(NLR Aleph) 016337392
035 _a(RuMoRGB)011615812
090 _a13080594
_c13080594
100 _a20230407d2023 k y0rusy50 ca
101 0 _arus
102 _aRU
105 _aa|||z|||110zy
181 0 _ai
_baxxe
182 0 _an
200 1 _aСборник научных трудов Всероссийской научно-практической конференции с международным участием "Социально-экономическое развитие промышленного региона", посвящённой 45-летию экономического факультета Челябинского государственного университета, 24 ноября 2022 года
_fМинистерство науки и высшего образования Российской Федерации, Федеральное государственное бюджетное образовательное учреждение высшего образования "Челябинский государственный университет" (ФГБОУ ВО "ЧелГУ")
203 _aТекст
_bвизуальный
_cнепосредственный
210 _aЧелябинск
_cЧелГУ
_d2023
215 _a267 с.
_cил.
_d21
300 _aЗагл. обл.: Социально-экономическое развитие промышленного региона
320 _aБиблиогр. в конце ст.
512 1 _aСоциально-экономическое развитие промышленного региона
607 _aРоссийская Федерация
_jСъезды, совещания и т.п
_xСоциально-экономическое развитие
_xРегиональный аспект
_92155873
_3RU\NLR\AUTH\661297883
686 1 _aУ04(2Р)9я431
710 1 2 _a"Социально-экономическое развитие промышленного региона", всероссийская научно-практическая конференция с международным участием
_eЧелябинск
_f2022
_9845094
_3RU\NLR\AUTH\880589733
942 _cBOOK
980 _aNB